| 000 | 00992cab a2200313 4500 | ||
|---|---|---|---|
| 001 | ABS57156 | ||
| 008 | 090401t1997 xxu||||| |||| 00| 0 eng d | ||
| 035 | _a(Sirsi) u98497 | ||
| 041 | _aeng | ||
| 100 | _aSmith, P. | ||
| 245 | _aContinuation and termination revisited | ||
| 260 | _c1997 | ||
| 350 | _a0 | ||
| 490 |
_aRent Review & Lease Renewal _v17(2) 1997, 106-113(8) |
||
| 520 | _aExtended discussion on the Court of Appeal decision where a business tenant ceases to occupy before the expiry date of a tenancy. Reviews "Esselte AB v Pearl Assurance". | ||
| 650 | _aBUSINESS TENANCIES | ||
| 650 | _aCESSATION OF BUSINESS USE | ||
| 650 | _aCONTRACTUAL TERM | ||
| 650 | _aDETERMINATION | ||
| 650 | _aESSELTE AB V PEARL ASSURANCE PLC | ||
| 650 | _aFIXED TERM TENANCY | ||
| 650 | _aLEASES | ||
| 650 | _aNOTICE TO DETERMINE | ||
| 650 | _aSUBLEASE | ||
| 650 | _aSUBUNDERLEASE | ||
| 690 | _aLANDLORD AND TENANT-BUSINESS TENANCIES | ||
| 942 | _n0 | ||
| 948 | _c17/06/1997 | ||
| 999 |
_c59880 _d59880 |
||